Biblioteca y Centro de Documentación

La fiscalité au service de l'innovation (Registro nro. 40824)

Detalles MARC
000 -CABECERA
Longitud fija campo de control 00957naa a2200289 c 4500
001 - NÚMERO DE CONTROL
Número de control 40824
003 - IDENTIFICADOR DE NÚMERO DE CONTROL
Identificador del número de control ES-MaCES
005 - FECHA Y HORA DE LA ÚLTIMA TRANSACCIÓN
Fecha y hora de la última transacción 20101025133000.0
008 - CAMPO FIJO DE DESCRIPCIÓN FIJA--INFORMACIÓN GENERAL
Códigos de información de longitud fija   101025n2010 fr d t 000 | fre d
035 ## - NÚMERO DE CONTROL DEL SISTEMA
Número de control del sistema CES20100011631v
040 ## - FUENTE DE CATALOGACIÓN
Centro catalogador de origen ES-MaCES
Lengua de catalogación spa
Centro transcriptor ES-MaCES
100 1# - ENCABEZAMIENTO PRINCIPAL--NOMBRE PERSONAL
Nombre de persona Owens, Jeffrey
9 (RLIN) 20172
245 13 - MENCIÓN DE TÍTULO
Título La fiscalité au service de l'innovation
Mención de responsabilidad, etc. Jeffrey Owens, Michael Ash
650 #4 - ASIENTO SECUNDARIO DE MATERIA--TÉRMINO DE MATERIA
Término de materia o nombre geográfico como elemento inicial comparabilidad internacional
9 (RLIN) 30622
650 #4 - ASIENTO SECUNDARIO DE MATERIA--TÉRMINO DE MATERIA
Término de materia o nombre geográfico como elemento inicial datos estadísticos
9 (RLIN) 30765
650 #4 - ASIENTO SECUNDARIO DE MATERIA--TÉRMINO DE MATERIA
Término de materia o nombre geográfico como elemento inicial estímulo tributario
9 (RLIN) 28090
650 #4 - ASIENTO SECUNDARIO DE MATERIA--TÉRMINO DE MATERIA
Término de materia o nombre geográfico como elemento inicial interés
9 (RLIN) 28151
650 #4 - ASIENTO SECUNDARIO DE MATERIA--TÉRMINO DE MATERIA
Término de materia o nombre geográfico como elemento inicial inversión
9 (RLIN) 28141
650 #4 - ASIENTO SECUNDARIO DE MATERIA--TÉRMINO DE MATERIA
Término de materia o nombre geográfico como elemento inicial sistema tributario
9 (RLIN) 28092
650 #4 - ASIENTO SECUNDARIO DE MATERIA--TÉRMINO DE MATERIA
Término de materia o nombre geográfico como elemento inicial política fiscal
9 (RLIN) 28082
653 10 - TÉRMINO DE INDEXACIÓN--NO CONTROLADO
Término no controlado Fiscalidad
700 1# - ENCABEZAMIENTO SECUNDARIO--NOMBRE PERSONAL
Nombre de persona Ash, Michael
9 (RLIN) 6673
773 0# - ENTRADA DE DOCUMENTO FUENTE
Título L'observateur de l'OCDE
Parte(s) relacionada(s) nº 279 (mai 2010){10173 R. 077468}; p. 30-31
Número de control del registro relacionado (ES-MaCES)25190
Itemnumber del ítem fuente 40971
902 ## - CES. TIPO DE DOCUMENTO
Tipodoc (006$c Sirtex) ART Artículo de revista
942 ## - ELEMENTOS KOHA
Fuente de clasificaión o esquema Clasificación propia del CES
Koha [por defecto] tipo de item Artículos (1982-2017)
Parte de clasificación 0.1.

No hay ítems disponibles.

© CES, Consejo Económico y Social de España 2021